000 01767cad a22002535a 4500
001 L154114
008 111017s2011 xxk f 000 0 eng d
035 _a(Sirsi) u154114
041 0 _aeng
110 2 _aOlympic Delivery Authority
_95117
245 0 0 _aLearning legacy
_bthe online Olympic learning legacy portal
_h[electronic resource]
260 _aLondon
_bODA
_c2011
520 _aThe aim of the Learning Legacy is to share the knowledge and lessons learned from the London 2012 construction project to raise the bar within the construction sector and to act as a showcase for UK plc. Legacy documents include short reports, case studies and research paper summaries covering archaeology, design and engineering innovation, equality, inclusion, employment and skills, health and safety, masterplanning and town planning, procurement and supply chain management, project and programme management, sustainability, systems and technology, and transport. Contributors include contractors, trade bodies, government, academia, the ODA, RICS, HSE, ICE, CIOB, IOSH, the Institution of Engineering and Technology, the Green Building Council, and the Landscape Institute. The legacy website will be updated going forward to become a comprehensive online library for companies to refer to.
590 _aKA NTK
650 2 4 _aOLYMPIC GAMES 2012
651 4 _aUnited Kingdom
_y
690 _aProject management
_96261
690 _aENVIRONMENTAL AND LAND CONSULTANCY-PLANNING AND DEVELOPMENT
690 _aMANAGEMENT-HEALTH AND SAFETY
690 _aBUILT ENVIRONMENT-CONSTRUCTION MARKET
690 _aProcurement
_96260
856 4 0 _uhttps://learninglegacy.london2012.com/index.php
_zView the portal free of charge at learninglegacy.london2012.com
942 _n0
999 _c112848
_d112848